| 000 | 00653nam a2200253Ia 4500 | ||
|---|---|---|---|
| 003 | OSt | ||
| 005 | 20221007101521.0 | ||
| 006 | a|||||r|||| 00| 0 | ||
| 007 | ta | ||
| 008 | 221006b |||||||| |||| 00| 0 eng d | ||
| 024 | _a6,590 | ||
| 037 | _cTextual | ||
| 040 |
_aLCO _cLCO _beng |
||
| 041 |
_2eng _aeng |
||
| 082 | _aV2:91, L3 | ||
| 100 | _aVARMA S P | ||
| 245 | 0 | _aVoting Behaviour in a Changing Society. | |
| 260 |
_aDelhi _bNational _c1973 |
||
| 300 | _a385 | ||
| 650 |
_aSOCIETY _9410261 |
||
| 700 |
_a NARAIN IQBLAL _9703107 |
||
| 942 |
_hV2:91, L3 _cTEXL |
||
| 999 |
_c1176153 _d1176153 |
||